000 00659cam a22002413a 4500
001 25731
003 PGUSA
005 20140828083543.0
008 080608s2008||||xxu|||||s|||||000 | eng d
040 _aPGUSA
_beng
042 _adc
050 4 _aTS
100 1 _aRoth, H. Ling
_q(Henry Ling),
_d1855-1925
245 1 0 _aAncient Egyptian and Greek Looms
_h[electronic resource] /
_cH. Ling Roth
260 _bProject Gutenberg,
_c2008
506 _aPublic domain in the USA.
516 _aElectronic text
653 _aWeaving
653 _aLooms
830 0 _aProject Gutenberg
_v25731
856 4 0 _uhttp://www.gutenberg.org/ebooks/25731
942 _cEB
999 _c254986
_d254986